• 首页
  • 本馆介绍
  • 公告通知
  • 最新文献
  • 馆藏检索
  • 电子资源
  • 读者导购
  • 参考咨询
  • 我的图书馆
  • 登录
  • 详细信息显示
  • 放入我的书架
  • 预约/预借图书
  • 作者相关作品
  • 分类相关作品
  • 丛书相关作品
  • 出版社相关作品

书目信息

  • 表格格式
  • 工作单格式
  • 卡片格式
题名:
大白熊
    
 
作者: (挪)彼得·克里斯登·阿斯伯扬森 著
分册:  
出版信息: 长春   吉林出版集团股份有限公司  2017
页数: 47页
开本: 17cm
丛书名: 经典童话绘本
单 册:
中图分类: H125.4
科图分类:
主题词: 汉语拼音--儿童读物
电子资源:
ISBN: 978-7-5581-1304-8
000 00965oam2 2200253 45
001 012001011843
005 20140103103459.0
010    @a978-7-5581-1304-8@dCNY27.80
100    @a20181027d2016 em y0chiy0110 ea
101 0  @achi
102    @aCN@b220000
105    @ay z 000yy
106    @ar
200 1  @a大白熊@Ada bai xiong@f(挪)彼得·克里斯登·阿斯伯扬森著
210    @a长春@c吉林出版集团股份有限公司@d2017
215    @a47页@d17cm
225 2  @a经典童话绘本
330    @a本书属于挪威童话,讲述的是一个农家姑娘嫁给了一只白熊,白熊晚上在熄灯之后会变成一个王子。姑娘晚上点灯看清了他的面目,还把蜡烛油滴在了王子的衣服上,没想到王子消失了。姑娘历尽艰辛,终于找到王子,和他幸福地生活在了一起。
410  0 @12001 @a经典童话绘本
606 0  @a汉语拼音@x儿童读物
690    @aH125.4@v5
701  0 @a(挪)彼得·克里斯登·阿斯伯扬森@A( nuo ) bi de · ke li si deng · a si bo yang sen@4著
801  0 @aCN@b上海新华@c20191020
905    @b1138912-5@dH125.4@e42@f4
    
    大白熊/(挪)彼得·克里斯登·阿斯伯扬森著.-长春:吉林出版集团股份有限公司,2017
    47页;17cm.-(经典童话绘本)
    
    
    ISBN 978-7-5581-1304-8:CNY27.80
    本书属于挪威童话,讲述的是一个农家姑娘嫁给了一只白熊,白熊晚上在熄灯之后会变成一个王子。姑娘晚上点灯看清了他的面目,还把蜡烛油滴在了王子的衣服上,没想到王子消失了。姑娘历尽艰辛,终于找到王子,和他幸福地生活在了一起。
●
相关链接 在E读中查询图书 在五车中查询图书 在当当中查询图书 在豆瓣中查询图书


正题名:大白熊     索取号:H125.4/42         预约/预借

序号 登录号 条形码 馆藏地/架位号 状态 备注
1 1138912   211389120   第二样本阅览室/ [索取号:H125.4/42] 在馆    
2 1138913   211389139   第四借阅区/ [索取号:H125.4/42] 在馆    
3 1138914   211389148   第四借阅区/ [索取号:H125.4/42] 在馆    
4 1138915   211389157   第四借阅区/ [索取号:H125.4/42] 在馆    
唐山师范学院图书馆 欢迎您!
大连网信软件有限公司© 版权所有